Banking systems / (Record no. 2442)
[ view plain ]
| 000 -LEADER | |
|---|---|
| fixed length control field | 00891mam a2200277 4500 |
| 001 - CONTROL NUMBER | |
| control field | 2442 |
| 003 - CONTROL NUMBER IDENTIFIER | |
| rucl marc code | BD-RjUL |
| 005 - DATE AND TIME OF LATEST TRANSACTION | |
| control field | 20211208233543.0 |
| 008 - FIXED-LENGTH DATA ELEMENTS--GENERAL INFORMATION | |
| fixed length control field | 160623s19641954nyua b 001 0 eng |
| 035 ## - SYSTEM CONTROL NUMBER | |
| System control number | (OCoLC)ocm00601822 |
| System control number | (BD-RjUL)2469 |
| System control number | (NNC)1739354 |
| 040 ## - CATALOGING SOURCE | |
| Original cataloging agency | DLC |
| Transcribing agency | URB |
| Modifying agency | SER |
| -- | UKM |
| -- | BD-RjUL |
| Language of cataloging | eng |
| 041 ## - LANGUAGE CODE | |
| Language code of text/sound track or separate title | eng |
| 082 00 - DEWEY DECIMAL CLASSIFICATION NUMBER | |
| Classification number | 332.1 |
| Author mark and year | BAN 1964 |
| 245 00 - TITLE STATEMENT | |
| Title | Banking systems / |
| Statement of responsibility, etc. | edited by Benjamin Haggott Beckhart. |
| 260 ## - PUBLICATION, DISTRIBUTION, ETC. (IMPRINT) | |
| Place of publication, distribution, etc. | New York : |
| Name of publisher, distributor, etc. | Columbia University Press, |
| Date of publication, distribution, etc. | 1954 [Printing 1954-1964]. |
| 300 ## - PHYSICAL DESCRIPTION | |
| Pagination | xviii, 934 p. : |
| Illustrations | ill. ; |
| Size | 25 cm. |
| 500 ## - GENERAL NOTE | |
| General note | "A successor volume to Foreign banking systems [edited by H.P. Willis and B.H. Beckhart]" |
| 504 ## - BIBLIOGRAPHY, ETC. NOTE | |
| Bibliography, etc | Includes bibliographies. |
| Bibliography, etc | Includes index. |
| 650 #0 - SUBJECT ADDED ENTRY--TOPICAL TERM | |
| Topical term or geographic name as entry element | Banks and banking. |
| 9 (RLIN) | 7920 |
| 700 1# - ADDED ENTRY--PERSONAL NAME | |
| Personal name | Beckhart, Benjamin Haggott. |
| 942 ## - ADDED ENTRY ELEMENTS (KOHA) | |
| Source of classification or shelving scheme | Dewey Decimal Classification |
| Koha item type | Books |
| Lost status | Source of classification or shelving scheme | Damaged status | Not for loan | Collection code | Permanent Location | Current Location | Shelving location | Date acquired | Source of acquisition | Cost, normal purchase price | Total Checkouts | Full call number | Date last seen | Copy number | Koha item type |
|---|---|---|---|---|---|---|---|---|---|---|---|---|---|---|---|
| Dewey Decimal Classification | Non-fiction | Central Library, University of Rajshahi | Central Library, University of Rajshahi | 13/11/1965 | Zeitlinger | 105.00 | 332.1 BAN 1964 | 11/12/2013 | C-6 | Books | |||||
| Dewey Decimal Classification | Non-fiction | Central Library, University of Rajshahi | Central Library, University of Rajshahi | 15/03/1963 | Zeitlinger | 112.60 | 332.1 BAN 1959 | 11/12/2013 | C-5 | Books | |||||
| Dewey Decimal Classification | Non-fiction | Central Library, University of Rajshahi | Central Library, University of Rajshahi | 15/03/1963 | Zeitlinger | 112.60 | 332.1 BEB 1959 | 06/01/2014 | C-4 | Books | |||||
| Dewey Decimal Classification | Non-fiction | Central Library, University of Rajshahi | Central Library, University of Rajshahi | 15/03/1963 | Zeithlinger | 112.60 | 332.1 BAN 1959 | 23/06/2016 | C-2 | Books | |||||
| Dewey Decimal Classification | Non-fiction | Central Library, University of Rajshahi | Central Library, University of Rajshahi | 15/03/1963 | Zeithlinger | 112.60 | 332.1 BAN 1954 | 23/06/2016 | C-3 | Books | |||||
| Dewey Decimal Classification | Non-fiction | Central Library, University of Rajshahi | Central Library, University of Rajshahi | 15/03/1963 | Zeithlinger | 112.60 | 332.1 BAN 1964 | 23/06/2016 | C-7 | Books |